TV Characters by First Action II Quiz Stats

 Plays Quiz Updated May 31, 2018

Challenge
Share
Tweet
Embed
Score 0/24 Timer 10:00
0 Plays Today
% Correct
Frasier Crane (Frasier)
80.5%
Sawyer (Lost)
78.7%
Selina Meyer (Veep)
75.8%
Christian Troy (Nip|Tuck)
72.8%
Bender (Futurama)
68.6%
Dwight Schrute (The Office (US))
68.4%
Jackie Peyton (Nurse Jackie)
62.8%
Louis Huang (Fresh Off The Boat)
61.6%
Homer Simpson (The Simpsons)
60.2%
Lynette Scavo (Desperate Housewives)
57.5%
Claire Bennet (Heroes)
56.3%
Rick Sanchez (Rick and Morty)
55.7%
% Correct
Sarah Manning (Orphan Black)
55.1%
Jason Gideon (Criminal Minds)
54.4%
Dale Cooper (Twin Peaks)
53.7%
Jerry Seinfeld (Seinfeld)
53%
Vic Mackey (The Shield)
52.6%
Alex Parrish (Quantico)
52.3%
Jake Peralta (Brooklyn Nine-Nine)
50.2%
Elena Gilbert (The Vampire Diaries)
50%
Michael Scofield (Prison Break)
49.9%
Lana Winters (American Horror Story)
46.7%
Eleven (Stranger Things)
46.5%
Larry David (Curb Your Enthusiasm)
43.3%

You're not logged in!

Compare scores with friends on all Sporcle quizzes.
Join for Free
OR
Log In

You Might Also Like...

Show Comments

Extras

Top Quizzes Today


Score Distribution

Your Account Isn't Verified!

In order to create a playlist on Sporcle, you need to verify the email address you used during registration. Go to your Sporcle Settings to finish the process.

Report this User

Report this user for behavior that violates our Community Guidelines.

Details: